| 000 | 00640nam a2200193 4500 | ||
|---|---|---|---|
| 005 | 20260327085715.0 | ||
| 008 | 260327b |||||||| |||| 00| 0 eng d | ||
| 020 | _a9780553384499 | ||
| 050 |
_aHM1106 _b.G66 2006 |
||
| 100 | _aGoleman, Daniel. | ||
| 245 |
_aSocial intelligence : _bthe new science of human relationships / |
||
| 260 |
_aNew York : _b Bantam Books, _c2006. |
||
| 300 |
_a403 p. : _b ill. ; _c 25 cm. |
||
| 500 | _aIncludes bibliographical references (p. [337]-391) and index. | ||
| 650 | _aInterpersonal relations. | ||
| 650 |
_a Intellect _xSocial aspects. |
||
| 650 |
_aEmotions _xSocial aspects. |
||
| 942 |
_2lcc _cBK |
||
| 999 |
_c60292 _d60292 |
||